Teorija i metodolohija statystyčnoho analizu zbirnuk materialiv mižnarodnoji naukovo-praktičnoji konferenciji prysvjačenoji 100-riččju vid dnja narodžennja Paschavera Josypa Saulovyča doktora ekonomičnych nauk, profesora kafedry statystyky, 11-15 hrudnja 2006 p.

Gespeichert in:
Bibliographische Detailangaben
Format: Buch
Sprache:Ukrainisch
Englisch
Veröffentlicht: Kyjiv Kyjivskyj nacionanyj ekonomičnyj universytet imeni Vadyma Het'mana 2006
Schlagworte:
Tags: Tag hinzufügen
Keine Tags, Fügen Sie das erste Tag hinzu!

MARC

LEADER 00000nam$a2200000$$$4500
001 0051009
005 20240104135256.0
041 0 |a ukr 
041 0 |a eng 
044 |a UA 
245 1 0 |a Teorija i metodolohija statystyčnoho analizu  |b zbirnuk materialiv mižnarodnoji naukovo-praktičnoji konferenciji prysvjačenoji 100-riččju vid dnja narodžennja Paschavera Josypa Saulovyča doktora ekonomičnych nauk, profesora kafedry statystyky, 11-15 hrudnja 2006 p. 
264 1 |a Kyjiv  |b Kyjivskyj nacionanyj ekonomičnyj universytet imeni Vadyma Het'mana  |c 2006 
300 |a 394 s. 
610 2 0 |a analýza štatistická 
610 2 0 |a štatistika 
610 2 0 |a výskum štatistický